000 00390nam a22001217a 4500
999 _c7044
_d7044
008 200415b ||||| |||| 00| 0 eng d
100 _aGOLDSTEIN, Clifford R.
245 _aInjili na Hukumu
_bMwongozo wa kujifunza Biblia kwa Watu Wazima
_cClifford R. Goldsten
_hSwahili
260 _aDodoma
_bOfisi ya Uhariri
_c2006
300 _a172p.
_c20cm
650 _2Injili na Hukumu
942 _2ddc
_cBOOKS